| 000 | 01092nji a22002897a 4500 | ||
|---|---|---|---|
| 005 | 20100920121520.0 | ||
| 006 | a|||||r|||||00| 0 | ||
| 007 | sd ammalaaahaa | ||
| 008 | 100830t xxu||||| |||| 00| 0 eng d | ||
| 028 |
_a3AEX.5072 _bODEON |
||
| 035 | _aGR-03825 | ||
| 040 |
_aSED _cSED |
||
| 100 |
_917455 _aMangeshkar, Lata |
||
| 245 |
_aArzoo / _csung by Lata Mangeshkar; music by Shankar Jaikishan; lyric by Hasrat Jaipuri _h[sound recording] : |
||
| 246 | _aआरजू / | ||
| 260 |
_aDum Dum, India _bODEON _c1966 |
||
| 300 |
_a1 sound disc [Gramophone Recording]: _banalog, 33 1/3 rpm _c12.5 in. (LP) _fGramophone Record |
||
| 500 | _aBrief Record | ||
| 500 | _aRecord labels : ODEON, Black | ||
| 505 | _aSide-1 (Bedardi balma tujh ko) (Lata Mangeshkar) Side-2 (Ai phoolon ki rani) (Mohammad Rafi) | ||
| 600 |
_aMangeshkar, Lata _920359 |
||
| 650 |
_aFilm Songs _zIndia _91186 _xExcerpts |
||
| 700 |
_aShankar Jaikishan _920644 |
||
| 700 |
_aJaipuri, Hasrat _920752 |
||
| 942 |
_2ddc _cGR |
||
| 999 |
_c46963 _d46963 |
||